000 00783nam a2200169Ia 4500
003 GCL
005 20240530101747.0
008 140319s9999 xx 000 0 ara d
040 _aGCL /
_cGCL
082 0 4 _a346.04
_bم ن
100 1 _4مصطفى محمد الجمال
245 1 0 _aنظام الملكية - الملكية الخاصة - الملكية العامة - الملكية التعاونية - الملكية الشائعة - الانتفاع - الارتقاق - الحكر - الحيازة - الالتصاق والميراث - العقد والوصية - الشفعة /
_cمصطفى محمد الجمال
260 _a[ الاسكندرية ] :
_bمنشأة المعارف ،
300 _a463 ص
490 _aالكتب القانونية
_v0
942 _2ddc
_cBK
999 _c27546
_d27546